00487nam a2200193 a 4500001001300000003000900013005001700022008004100039020001000080082001600090100002000106245004000126260003000166300000900196500003500205505001000240650002300250700002000273nice12345678IN_TiNIC20260116012112.0050524s1919 iraa grp 000 0 per  ac10000a891.55bFRI aFriwer, Hussain aTarikh Adabiyat Iran-O-Tarikh Shura aIranbItelaat Pressc1919 a336p aincludes index and biblioraphy2 aIndex aPersian Literature1 aFriwer, Hussain